000 00829nam a2200253Ia 4500
003 OSt
005 20220923214614.0
006 a|||||r|||| 00| 0
007 ta
008 220922b |||||||| |||| 00| 0 hin d
024 _a171,251
037 _cTextual
040 _aARTS
_cARTS
_bhin
041 _2hin
_ahin
082 _aO152:3N161:16, L2;1
100 _aनागर, अमृतलाल
245 0 _aभूख
246 _aBhūkha
250 _aसंस्क0 2
260 _aदिल्ली
_b राजपाल एण्ड सन्स
_c1972
490 _aमहाकाल शीर्षक के अन्तर्गत पूर्व प्रकाशित
942 _hO152:3N161:16, L2;1
_cTEXL
_2CC
999 _c325476
_d325476